Ricostruisci la Carriera del Calciatore - Lothar Matthäus - Statistics

Statistiche generali
  • Questo quiz è stato fatto 15 volte
  • Il punteggio medio è 3 su 5
Statistiche sulle risposte
Hint Risposta % Corretto
1988-1992 Inter
91%
2000 MetroStars
82%
1984-1988 Bayern Monaco
64%
1979-1984 Borussia M'gladbach
64%
1992-2000 Bayern Monaco
45%
Nessun quiz corrispondente trovato
Distribuzione punteggi
Percentuale di utenti per punteggio
Percentile per numero di risposta
I tuoi punteggi nel tempo
Non hai fatto questo quiz